Biomecánica : la física y la fisiología /

Shranjeno v:
Bibliografske podrobnosti
Glavni avtor: Aguilar Gutiérrez, Miguel (autor)
Format: Knjiga
Jezik:španščina
Izdano: Madrid, España : Consejo Superior de Investigaciones Científicas, 2000, c2000
Serija:(Textos Universitarios CSIC ; 30)
Teme:
Oznake: Označite
Brez oznak, prvi označite!

MARC

LEADER 00000nam^a2200000^a^4500
001 000136155
005 20250521000000.0
009 20260310095308.425
020 |a 84-00-07988-4 
037 |a Acervo ITESO - Biblioteca 
041 |a ESP 
082 |a 574. 191  |b AGU 
100 |a Aguilar Gutiérrez, Miguel  |e (autor) 
245 1 0 |a Biomecánica :  |b la física y la fisiología /  |c M. Aguilar Gutiérrez. 
264 4 |a Madrid, España :  |b Consejo Superior de Investigaciones Científicas,  |c 2000, c2000 
300 |a 429 p. 
336 |a texto  |b txt  |2 rdacontenido 
337 |a sin mediación  |b n  |2 rdamedio 
338 |a volumen  |b nc  |2 rdasoporte 
440 1 |a (Textos Universitarios CSIC ;  |v 30) 
649 |a XX 
650 |a Músculos 
650 |a Vuelo 
650 |a Locomoción Animal 
650 |a Biomecánica -  |x Tema Principal 
650 |a Fisiología 
650 |a Biofísica 
910 |a Fondo General 
920 |a Impresos - Libros 
930 |a Colección General 
905 |a 101 
901 |a 0500064991  |b IT1  |c ACC  |u 20250521 
902 |a https://opac.biblio.iteso.mx/vufind/Record/000136155